<?xml version="1.0" encoding="UTF-8"?>
<record
    xmlns:xsi="http://www.w3.org/2001/XMLSchema-instance"
    xsi:schemaLocation="http://www.loc.gov/MARC21/slim http://www.loc.gov/standards/marcxml/schema/MARC21slim.xsd"
    xmlns="http://www.loc.gov/MARC21/slim">

  <leader>01480nam a2200205 a 4500</leader>
  <controlfield tag="008">161215e2007    ag a|||g |||| 001 0dspa d</controlfield>
  <datafield tag="020" ind1=" " ind2=" ">
    <subfield code="a">S/N</subfield>
  </datafield>
  <datafield tag="041" ind1=" " ind2=" ">
    <subfield code="a">spa</subfield>
  </datafield>
  <datafield tag="092" ind1=" " ind2=" ">
    <subfield code="c">750</subfield>
    <subfield code="l">54</subfield>
    <subfield code="s">MU&#xD1;</subfield>
  </datafield>
  <datafield tag="100" ind1="1" ind2=" ">
    <subfield code="a">Mu&#xF1;oz, Ram&#xF3;n Oscar</subfield>
    <subfield code="9">3511</subfield>
  </datafield>
  <datafield tag="245" ind1=" " ind2=" ">
    <subfield code="a">Materia.</subfield>
    <subfield code="b">Obras 2004 - 2007 /</subfield>
    <subfield code="c">Ram&#xF3;n O. Mu&#xF1;oz.</subfield>
  </datafield>
  <datafield tag="250" ind1=" " ind2=" ">
    <subfield code="a">1a ed.</subfield>
    <subfield code="b">Fotograf&#xED;a: Sandra Poggi.</subfield>
  </datafield>
  <datafield tag="260" ind1=" " ind2=" ">
    <subfield code="a">Neuqu&#xE9;n:</subfield>
    <subfield code="b">Punto Aparte;</subfield>
    <subfield code="c">2007.</subfield>
  </datafield>
  <datafield tag="300" ind1=" " ind2=" ">
    <subfield code="a">64 p.</subfield>
  </datafield>
  <datafield tag="500" ind1=" " ind2=" ">
    <subfield code="a">Mu&#xF1;oz, R. O. (2007). Materia. Obras 2004-2007. (1a ed.). Neuqu&#xE9;n : Punto Aparte.</subfield>
  </datafield>
  <datafield tag="505" ind1=" " ind2=" ">
    <subfield code="a">Es una satisfacci&#xF3;n y un deleite contar en nuestra provincia con un autodidacta que ha ido comprendiendo el mundo circundante, el m&#xE1;s cercano y concreto y el del alma. En sus obras se trasluce la historia propia de estas tierras, las historias tejidas en el cuerpo social de nuestra cultura, que a trav&#xE9;s de t&#xE9;cnicas milenarias fue transformando en interpretaciones de identidad. Una vida con tramas que conforman espacios, de calor, de fr&#xED;o, de oscuridad y de luz. Una luz intensa transmitida desde sus telas vibrantes y en&#xE9;rgicas. Todas estas variantes forman la materia de la que estamos hechos. La materia pendiente que puede representarse en el cruce de las l&#xED;neas, los colores y las sugerencias. Hoy nos entrega este trabajo uno de los principales artistas pl&#xE1;sticos de Neuqu&#xE9;n, que con firmeza y constancia sostuvo sus sue&#xF1;os.</subfield>
  </datafield>
  <datafield tag="590" ind1=" " ind2=" ">
    <subfield code="a">Donaci&#xF3;n Maria Vitarelli, Diciembre 2017.</subfield>
  </datafield>
  <datafield tag="655" ind1=" " ind2=" ">
    <subfield code="a">Fotografia</subfield>
    <subfield code="9">3512</subfield>
  </datafield>
  <datafield tag="942" ind1=" " ind2=" ">
    <subfield code="2">ddc</subfield>
    <subfield code="c">BK</subfield>
  </datafield>
  <datafield tag="999" ind1=" " ind2=" ">
    <subfield code="c">2649</subfield>
    <subfield code="d">2649</subfield>
  </datafield>
  <datafield tag="952" ind1=" " ind2=" ">
    <subfield code="0">0</subfield>
    <subfield code="1">0</subfield>
    <subfield code="2">ddc</subfield>
    <subfield code="4">0</subfield>
    <subfield code="7">0</subfield>
    <subfield code="a">BFM</subfield>
    <subfield code="b">BFM</subfield>
    <subfield code="c">CR</subfield>
    <subfield code="d">2018-02-07</subfield>
    <subfield code="e">Donaci&#xF3;n Mar&#xED;a Vitarelli, Diciembre 2017</subfield>
    <subfield code="l">0</subfield>
    <subfield code="o">750 54 MU&#xD1;</subfield>
    <subfield code="p">4170</subfield>
    <subfield code="r">2018-02-07</subfield>
    <subfield code="t">Ej. 1</subfield>
    <subfield code="w">2018-02-07</subfield>
    <subfield code="y">BK</subfield>
    <subfield code="z">Proyecto 4to libro. Donaci&#xF3;n Mar&#xED;a Vitarelli, Diciembre 2017..</subfield>
  </datafield>
</record>
